000 01175cam a2200337 a 4500
999 _c1722
_d1722
003 OSt
005 20220707122425.0
008 091220s2011 caua 001 0 eng
020 _a9780538738217
020 _a0538738219
020 _a9780538494281 (access code card)
020 _a053849428X (access code card)
040 _cDLC
042 _apcc
050 0 0 _aQD33.2
_b.J63 2011
100 1 _aJoesten, Melvin D.
245 1 0 _aCHEM in your world /
_cMelvin Joesten, John Hogg.
250 _aStudent ed.
260 _aBelmont, CA :
_bBrooks/Cole, Cengage Learning,
_cc2011.
300 _aix, 440 p. :
_bcol. ill. ;
_c28 cm.
500 _aCover title.
650 0 _aChemistry
_vTextbooks.
700 1 _aHogg, John.
856 4 2 _uhttp://www.loc.gov/catdir/enhancements/fy1214/2009943809-d.html
856 4 1 _uhttp://www.loc.gov/catdir/enhancements/fy1214/2009943809-t.html
856 4 2 _uhttp://www.loc.gov/catdir/enhancements/fy1303/2009943809-b.html
906 _a7
_bcbc
_corigres
_d3
_encip
_f20
_gy-gencatlg
942 _2lcc
_cBK
_nSO